000 00581nam a2200205Ii 4500
003 JO-AjNU
008 230606s9999||||xx |||||||||||||| ||und||
020 _a978-981-4313-53
040 _aJO-AjNU
_beng
_erda
_cJO-AjNU
041 _aeng
050 1 4 _aQA331.7.K37.2011
100 3 _aKAPOOR,
_eauthor
_94789
245 0 0 _aComplex Variables Principles and Problem Sessions
264 3 1 _aLondon:world Scientific
300 _a494p
336 _atext
_btxt
_2rdacontent
337 _aunmediated
_bn
_2rdamedia
338 _avolume
_bnc
_2rdacarrier
650 4 _a Calculus. 
_94790
999 _aE2480
_c2478
_d2478